Online Catalogue and eLibrary

Religiousness in Sri lanka (Record no. 2609)

MARC details
000 -LEADER
fixed length control field 00423nam a2200169Ia 4500
005 - DATE AND TIME OF LATEST TRANSACTION
control field 20240715015620.0
008 - FIXED-LENGTH DATA ELEMENTS--GENERAL INFORMATION
fixed length control field 240331s9999 xx 000 0 und d
082 ## - DDC Classification
Item Number - Author Mark REL
Class No. 200
245 #0 - TITLE STATEMENT
Title Religiousness in Sri lanka
260 ## - PUBLICATION, DISTRIBUTION, ETC.
Place of publication, distribution, etc. Colombo
Name of publisher, distributor, etc. Marga Institute
Date of publication, distribution, etc. 1979
300 ## - PHYSICAL DESCRIPTION
Extent (e.g. Volumes, Pages etc.) x, 300 p .,
650 ## - SUBJECT ADDED ENTRY--TOPICAL TERM
Topical term or geographic name entry element Political
650 ## - SUBJECT ADDED ENTRY--TOPICAL TERM
Topical term or geographic name entry element Economic
650 ## - SUBJECT ADDED ENTRY--TOPICAL TERM
Topical term or geographic name entry element Religious Traditions
700 ## - ADDED ENTRY--PERSONAL NAME
Personal name Carter, ross john
Relator term (Role) Editor
942 ## - Koha item type (Biblio)
Koha item type Books in Stacks (Lending)
Holdings
Lost status Damaged status Collection code Home library Current library Shelving location Date acquired Full call number Accession Number Item type
    Lending WERC Library WERC Library Social Science Cupboard 03/31/2024 200 REL 5810 Books in Stacks (Lending)

© WERC Library